Capitales del Mundo con 4 letras - Estadísticas

Estadísticas generales
  • Esta prueba ha sido intentada 402 veces
  • La puntuación promedio es 11 de 19
Estadísticas de respuestas
HINT ANSWER % Correcto
Peru Lima
92%
Italia Roma
82%
Noruega Oslo
78%
Ucrania Kiev
65%
Letonia Riga
65%
Catar Doha
61%
Corea del Sur Seúl
61%
Bangladés Daca
60%
Timor Oriental Dili
55%
Fiyi Suva
55%
Azerbaiyán Bakú
53%
Yemen Saná
52%
Togo Lomé
51%
Maldivas Malé
51%
Samoa Apia
50%
Arabia Saudita Riad
48%
Jordania Amán
47%
Ghana Acra
46%
Sudán del Sur Yuba
37%
No se encontraron pruebas coincidentes
Distribución de puntuación
Porcentaje de gente con cada puntuación
Porcentaje por número respondido
Historial de tus puntuaciones
No has intentado esta prueba.